000
00322nam a2200145Ia 4500
008
191201s2010 xx 000 0 und d
082
_a
658.15
_b
BEM
100
_a
BEG, M.A
245
0
_a
Managerial Economics
250
_a
2nd
260
_a
N. Delhi
_b
Ane Books
_c
2010
300
_a
554
650
_a
BBA
942
_2
ddc
_c
BK
999
_c
4967
_d
4967